Detalles MARC
| 000 -ENCABEZADO |
| Número de control [NR] |
02011nam a2200313Ia 4500 |
| 005 - FECHA Y HORA DE LA ÚLTIMA TRANSACCIÓN |
| control field |
20180124133937.0 |
| 008 - DE LONGITUD FIJA DE DATOS DE ELEMENTOS - INFORMACIÓN GENERAL |
| Elementos de longitud fija [NR] |
130821s1521 it a fr 0 lat d |
| 040 ## - FUENTE DE CATALOGACION [NR] |
| Agencia de catalogación original [NR] |
Co-BoUCM |
| Idioma de catalogación [NR] |
spa |
| Quien Cataloga |
Sandra Yazo (modificó) |
| Quien Clasifica |
Sandra Yazo (modificó) |
| 041 0# - CODIGO DE IDIOMA [R] |
| Código de idioma para texto/pista de sonido o título separado [R] |
Latín |
| 082 04 - NUMERO DE CLASIFICACION DECIMAL DEWEY [R] |
| Número de clasificación [R] |
808.882 |
| Número de la edición [NR] |
20 |
| 092 ## - SIGNATURA TOPOGRAFICA LOCAL |
| Número de clasificación local |
E13N054 |
| 100 1# - ASIENTO PRINCIPAL--NOMBRE PERSONAL [NR] |
| Nombre personal [NR] |
Marcial, Marco Valerio |
| Fechas asociadas con el nombre [NR] |
43?-104? |
| ID Autoridad |
90939 |
| 242 00 - TRADUCCION DEL TITULO POR LA AGENCIA CATALOGADORA [R] |
| Título [NR] |
Los catorce libros de los Epigramas de Marco Valerio Marcial |
| 245 10 - MENCION DE TITULO [NR] |
| Título [NR] |
M. Val. Martialis epigrammaton libri XIIII |
| Parte restante del título [NR] |
Interpretantibus Domitio Calderino Georgioque Merula. Una cum figuris suis locis appositis. Necnon ornatissima tabula alphabetica: quae omnia scitu digna mire complectitur: nuper addita: numquam alia |
| 260 ## - PUBLICACION, DISTRIBUCION, ETC. (PIE DE IMPRENTA) [R] |
| Lugar de publicación, distribución, etc. [R] |
Venecia (Italia) |
| Nombre del editor, distribuidor, etc. [R] |
Guilielmum de Fontaneto Montisferati [Guillermo Fontaneto de Monserrat] |
| Fecha de publicación, distribución, etc. [R] |
1521 |
| 300 ## - DESCRIPCION FISICA [R] |
| Extensión [R] |
[2], 136 folios |
| Otros detalles físicos [NR] |
ilustraciones |
| 500 ## - NOTA GENERAL [R] |
| Nota general [NR] |
Datos de publicación tomados del colofón. Nota de desinfección AGN 22 - Ene - 2018 |
| 500 ## - NOTA GENERAL [R] |
| Nota general [NR] |
Detalles físicos: Encuadernación en pergamino en buen estado de conservación, ejemplar antiguo actualmente desencuadernado. Primeras hojas, deterioradas en el borde inferior por uso. Hermosa portada impresa en caracteres góticos, a dos tintas, m |
| 505 0# - NOTA DE CONTENIDO CON FORMATO PREESTABLECIDO [R] |
| Nota de contenido con formato preestablecido [NR] |
Comentarios y explicaciones de los humanistas italianos Domicio Calderini, natural de Verona (1446- 1478) y Giorgio Merula (1430-1494), a los catorce libros de los "Epigramas" de Marcial. |
| 506 ## - NOTA DE RESTRICCIONES DE ACCESO [R] |
| Condiciones de acceso [NR] |
Consulta en sala |
| 520 ## - NOTA DE RESUMEN, ETC. [R] |
| Nota de sumario, etc. [NR] |
Valerio Marcial llegó a ser muy conocido por sus epigramas, escritos breves y aforísticos que a veces resultaban ser una acerada flecha venenosa contra las reputaciones mejor establecidas de las primeras décadas de Roma (la Roma Augusta) en la e |
| 546 ## - NOTA DE IDIOMA [R] |
| Nota de idioma [NR] |
Texto en latín |
| 650 #7 - ASIENTO SECUNDARIO DE MATERIA - TERMINO TEMATICO [R] |
| Término temático o nombre geográfico como elemento de entrada [NR] |
Epigramas |
| 9 (RLIN) |
14668 |
| 650 #7 - ASIENTO SECUNDARIO DE MATERIA - TERMINO TEMATICO [R] |
| Término temático o nombre geográfico como elemento de entrada [NR] |
Literatura Latina |
| 9 (RLIN) |
7796 |
| 650 #7 - ASIENTO SECUNDARIO DE MATERIA - TERMINO TEMATICO [R] |
| Término temático o nombre geográfico como elemento de entrada [NR] |
Literatura Latina |
| Subdivisión cronológica [R] |
Siglo I |
| 9 (RLIN) |
7796 |
| 650 #7 - ASIENTO SECUNDARIO DE MATERIA - TERMINO TEMATICO [R] |
| Término temático o nombre geográfico como elemento de entrada [NR] |
Poesía latina |
| Subdivisión cronológica [R] |
Siglo I |
| 9 (RLIN) |
21826 |
| 690 ## - ASUNTO AGREGADO LOCAL DE ENTRADA - TÉRMINO TEMÁTICO (OCLC, RLIN) |
| Acceso temático local |
Literatura europea |
| 9 (RLIN) |
26524 |
| 942 ## - ELEMENTOS DE ENTRADA AGREGADOS (KOHA) |
| Tipo de ítem principal el descrito en 300a |
Libro |
| Tema principal |
18 |
| Edición |
1 |
| Sistema de clasificación |
LOCAL |
| Clasificación |
E13N054 |